000 00563nam a22002297a 4500
003 UA-OsUOA
001 40999
007 ta
008 20080709b un ||||| |||| 00| 0 ukr d
100 _aКошелівець Іван
090 _a929
_bК76
942 _cBK
040 _aUA-OsUOA
_bukr
_cUA-OsUOA
_dUA-OsUOA
245 _aЖанна д'Арк
300 _a298 с.
955 _a4
041 _aukr
080 _a929
260 _aК.
_b"Всесвіт"
_c1997
650 7 _a9 Географія. Біографії. Історія
_2UDC
999 _c439504
_d439504